Deutsche Hörspielserien zuordnen - Statistiken

Allgemein
  • Dieses Quiz wurde 75 mal gespielt
  • Das Durchschnittsergebnis liegt bei 8 aus 13
Antwortstatistiken
Hint Antwort % Korrekt
Eine Junghexe und ihre Freundin auf dem Reiterhof Bibi und Tina
92%
Ein Elefant und ein Kind erleben zusammen Dinge Benjamin Blümchen
89%
Eine Junghexe und ihre Abenteuer Bibi Blocksberg
89%
Vier Kinder und ein Hund erleben zusammen Abenteuer und lösen Rätsel 5 Freunde
82%
Zwillinge und ihr Leben im Internat Hanni und Nanni
77%
4 Einzelkinder und ein Hund mit gutem Kontakt zur Polizei lösen Fälle TKKG
75%
Drei Detektivinnen lösen zusammen Kriminalfälle Drei!!!
72%
Drei Detektive lösen Fälle in Amerika Drei???
72%
Eine junge Hexe, die mit ihrem Hexenbuch aufregendes erlebt Hexe Lilli
59%
Jugendliche, die zusammen Fußball spielen mit den typischen Problemen Teufelskicker
36%
Eine neugierige Nachwuchs Reporterin und ihr Leben Kira Kolumna
34%
Ein Pferdemädchen und ihr Leben auf dem Reiterhof Wendy
34%
Die Abenteuer von einer Rollstuhlfahrerin, ihrem besten Freund und ihrer Eule Elea Eluanda
20%
Keine übereinstimmenden Quizze gefunden
Verteilung der Resultate
Anzahl Personen mit jedem Resultat
Perzentil nach korrekt beantworteten Fragen
Ihre Resultats-Entwicklung
Sie haben dieses Quiz noch nicht gespielt